00605nam a22002057a 450000500170000000800410001702000180005804000070007604100120008308200160009510000290011124500440014025000060018426000660019030000260025636500620028265000150034470000210035970000190038020251203120019.0251203b |||||||| |||| 00| 0 eng d a9789353946760 cAL aEnglish a519.5bHOGI aRobert V Hogg and others aIntroduction to Mathematical statistics a8 aUttar PradeshbPearson India Education services pvt ltdc2020 a760 p.bPBc26x20 cm. aABDI/0821/25b₹997.50c₹d₹1330.00e25%f13-11-2025 aStatistics aMckean, Joseph W aCraig, Allen T